1684 1349 1484 1465 1942 1550 1226 1610 1488 1439 1136 1001 1121 1989 1097 1694 1251 1557 1397 1334 1831 1095 1891 1208 1274 1009 1131 1102 1010 1980 1175 1889 1716 1160 1468 1451 1377 1356 1252 1647 1210 1937 1668 1594 1129 1787 1247 1731 1121 1076 1385 1888 1074 1030 1808 1854 1335 1359 1830 1682 1528 1264 1145 1738 1885 1856 1341 1031 1987 1743 1741 1812 1387 1078 1125 1176 1229 1428 1435 1641 1979 1590 1240 1735 1684 1021 1074 1500 1005 1678 1338 1785 1294 1943 1377 1048 1080 1675 1259 BCNSPRNW ULIB Ver.6.0+V

เปลี่ยนเป็นภาษาไทย

Change to English
 แสดงรายละเอียดบรรณานุกรม
  กลับหน้าหลัก

Brief Record : Get Marc (ISO 2709) : E-mail record : QR code < ปิดหน้าต่าง
LEADER : 00000nam 2200000uu 4500
001    13399114474
003     ULIB
008    120404s2552||||th 000 0 tha d
020    ^a9786165350112
090    ^aนว.^bอ113ส 2552
100 0  ^aองค์หญิงยิ้มหวาน
245 00 ^aDangerous Guy สัญญาณรักอันตรายนายวายร้ายมาดนิ่ง/^cองค์หญิงยิ้มหวาน
250    ^aพิมพ์ครั้งที่ 1
260    ^aกรุงเทพฯ :^bSugar Rain,^c2552
300    ^a240 หน้า
710 1  ^aSugar Rain
945    ^p159^l0^i16305
995    ^aกัณชพร
999    ^aใช้งานได้ทุกระบบ
รายการนี้ยังไม่มีแท็ก
คุณยังไม่ได้ล็อกอิน คุณสามารถมีกิจกรรมร่วมกับเว็บไซต์ได้ แต่ต้องล็อกอินก่อน ::
  ล็อกอิน

รายการสื่อสารสนเทศ

ลำดับที่ ประเภท เลขเรียก/บาร์โค้ด สถานที่ สถานะ
1. นวนิยาย
นวนิยาย
นว. อ113ส 2552  
  Barcode: 16305
ห้องสมุดวิทยาเขตสวรรค์ประชารักษ์
►นวนิยาย
บนชั้น
  ขอยืม

BibComment


ยังไม่เคยถูกคอมเมนท์

คอมเมนท์ทรัพยากรรายการนี้
  คอมเมนท์: Dangerous Guy สั..


 Copyright 2026. Bcnsprnw @Library